000 00542nam a22001817a 4500
005 20251108172528.0
008 250721s9999 xx 000 0 ara d
082 1 4 _a813.009ربي
100 1 _aربيعي، محمود
245 1 0 _aقراءة الرواية : نماذج من نجيب محفوظ /
264 1 _aالقاهرة :
_bدار غريب للنشر،
300 _a239ص
650 1 7 _aالأدب القصصي
650 1 7 _aالنقد الأدبي
650 1 7 _aالأدب العربي
942 _2ddc
_cBK
999 _c81690
_d81690